|
|
|
|
| LEADER |
00000cam a2200000 i 4500 |
| 001 |
1/24622 |
| 008 |
130117s2011 gr | ||| |||| ||gre|| |
| 020 |
|
|
|a 9789604182572
|
| 035 |
|
|
|l 10113487
|
| 040 |
|
|
|a GR-MyUa
|b gre
|e AACR2
|
| 041 |
1 |
|
|a gre
|h eng
|
| 082 |
7 |
|
|a 006.6
|2 (22)
|
| 100 |
1 |
|
|a Hearn, Donald.
|
| 245 |
1 |
0 |
|a Γραφικά υπολογιστών με OpenGL /
|c Donald Hearn, M. Pauline Baker ; επιμέλεια Παναγιώτης Μποζάνης ; μετάφραση Γεώργιος Σίσιας.
|
| 250 |
|
|
|a 3η εκδ.
|
| 260 |
|
|
|a Θεσσαλονίκη :
|b Τζιόλα,
|c c2011.
|
| 300 |
|
|
|a xxix, 1215 σ. :
|b εικ., σχέδια ;
|c 25 εκ.
|
| 500 |
|
|
|a Το Παράρτημα Σάμου διαθέτει την 3η έκδοση του 2014 (xxix, 1234 σ.).
|
| 504 |
|
|
|a Βιβλιογραφία: σ. 1185-1211. Ευρετήρια.
|
| 500 |
|
|
|a Τίτλος πρωτοτύπου: Computer graphics with OpenGL.
|
| 630 |
0 |
0 |
|a OpenGL.
|
| 650 |
|
0 |
|a Computer graphics.
|
| 700 |
0 |
|
|a Baker, M. Pauline.
|
| 852 |
|
|
|a INST
|b SAMOS
|c EUDOXUS
|e 20150114
|h 006.6 HEA
|p 005300037105
|q 005300037105
|t EDX
|y 0
|
| 852 |
|
|
|a INST
|b SAMOS
|c EUDOXUS
|e 20150903
|h 006.6 HEA
|p 005300042616
|q 005300042616
|t EDX
|y 0
|
| 852 |
|
|
|a INST
|b SYROS
|e 20130117
|h 006.6 HEA
|p 005500010514
|q 005500010514
|t BK
|y 0
|
| 852 |
|
|
|a INST
|b SYROS
|e 20131120
|h 006.6 HEA
|p 005500011106
|q 005500011106
|t BK
|y 0
|
| 901 |
|
|
|a BIBL3-2014-1
|
| 901 |
|
|
|a BIBL5-2013-1
|
| 901 |
|
|
|a BIBL5-2012-3
|
| 920 |
|
|
|a Εύδοξος
|b Παραγγελία
|y Σάμος-ΤΜΠΕΣ
|z 2014-12
|
| 920 |
|
|
|a Εύδοξος
|b Παραγγελία
|y Σάμος-ΤΜΠΕΣ
|z 2015-04
|
| 922 |
|
|
|a 5ΕΛΗ
|b 201210
|c Βιβλιοθήκη Σύρου
|d Π. Ιωαννίδου
|
| 970 |
|
|
|a Κοντού
|b Παρασκευή
|z 17/01/2013
|